Computing Fundamentals (Record no. 269236)
[ view plain ]
| 000 -LEADER | |
|---|---|
| fixed length control field | 00284 a2200121 4500 |
| 001 - CONTROL NUMBER | |
| control field | 34163 |
| 022 ## - INTERNATIONAL STANDARD SERIAL NUMBER | |
| International Standard Serial Number | 004 NOR |
| 090 ## - LOCALLY ASSIGNED LC-TYPE CALL NUMBER (OCLC); LOCAL CALL NUMBER (RLIN) | |
| -- | 22642 |
| -- | 22642 |
| 100 ## - MAIN ENTRY--PERSONAL NAME | |
| Personal name | Chawla K.K. ; Nortons's, Peter |
| 245 ## - TITLE STATEMENT | |
| Title | Computing Fundamentals |
| 260 ## - PUBLICATION, DISTRIBUTION, ETC. | |
| Place of publication, distribution, etc. | Bostan |
| Name of publisher, distributor, etc. | Mc Graw Hill |
| Date of publication, distribution, etc. | 1998 |
| 300 ## - PHYSICAL DESCRIPTION | |
| Extent | xv, 498 |
| 942 ## - ADDED ENTRY ELEMENTS (KOHA) | |
| Institution code [OBSOLETE] | NUST-CAE |
| Call number prefix | 004 NOR |
| Withdrawn status | Lost status | Damaged status | Not for loan | Collection code | Permanent Location | Current Location | Date acquired | Total Checkouts | Full call number | Barcode | Date last seen | Price effective from | Koha item type |
|---|---|---|---|---|---|---|---|---|---|---|---|---|---|
| College of Aeronautical Engineering (CAE) | College of Aeronautical Engineering (CAE) | 04/03/2017 | 004 NOR | CAE73604 | 04/05/2017 | 04/05/2017 | Book |
